Football par lettre - D - Statistiques

Statistiques générales
  • Ce quiz a été pris 211 fois
  • Le résultat moyen est 13 sur 20
Statistiques - réponses
Hint Réponse % Correct
Rencontre entre deux clubs rivaux proches géographiquement Derby
97%
Né à Bayonne, il a tout gagné en tant que joueur avant de devenir selectionneur de l'équipe de France Didier Deschamps
97%
Leverkusen l'a réalisé en remportant la Coupe et le Championnat d'Allemagne Doublé
90%
Il a enflammé le Roudourou et le Vélodrome avant de devenir une légende de Stamford Bridge Didier Drogba
89%
Les supporters sont souvent considérés comme le _______ homme Douzième
88%
Prénoms de Lovren, Stankovic et Kulusevski Dejan
84%
Magasin de Sport qui sponsorise le stade Pierre Mauroy Decathlon
83%
Son but a permis à l'Argentine de remporter la Copa America 2021 Angel Di Maria
79%
Animal légendaire qui donne son nom au stade de Porto Dragon
76%
Entraineur francais qu'on appelle souvent lorsqu'une équipe est en grande difficulté, il a coaché Evian,Toulouse et Saint Etienne Pascal Dupraz
72%
Deux frères qui jouaient ensemble au Stade Rennais en 2023 Désiré et Guéla Doué
69%
Joueur anglais toujours bien hydraté Danny Drinkwater
68%
Milieu argentin proche de Leo Messi et qui est sorti avec la star de telenovela Martina Stoessel Rodrigo De Paul
66%
Buteur italien ayant disputé plus de 400 matchs pour l'Udinese entre 2004 et 2016 Antonio Di Natale
65%
Champion du monde 1998 dont le père a participé à la CDM 1966 Youri Djorkaeff
61%
Champion du monde 1998,devenu consultant et connu pour son rire particulier Marcel Desailly
60%
Equipe ukrainienne qui a atteint la finale de Ligue Europa à la suprise générale en 2015 FK Dnipro
31%
Meilleur buteur de l'histoire de l'OL Fleury Di Nallo
28%
Ancien défenseur anglais qui a entrainé Burnley pendant 10 ans Sean Dyche
16%
Créateur de l'Euro, le trophée porte aujourd'hui son nom Henri Delaunay
6%
Aucun quiz correspondant
Distribution des résultats
% des personnes avec chaque résultat
Percentile par nombre de réponses
Votre historique - résultats
Vous n’avez pas pris ce quiz